000 00610nam a2200205Ia 4500
003 OSt
005 20240920143124.0
008 220927b |||||||| |||| 00| 0 eng d
040 _aSDCL
_cSDCL
_beng
041 _2hin
_ahin
082 _aRxN N2
100 _aGupta, Suman
_9397359
245 0 _aBeeswin shatabdi mein darshanshastra.
260 _aNew Delhi:
_bRajkamal Prakashan,
_c1992.
300 _a150p.
490 _aDarshanshastra : Poorav aur Paschim granthmala - 7.
700 _a Nadeem Naresh Ed.
_9397360
942 _hRxN N2
_cTEXL
_2CC
999 _c713149
_d713149